[Event "5eme Open International de La Fere"]
[Site "La Fere (FRA)"]
[Date "2006.07.08"]
[Round "1.35"]
[White "Hutin, Evgueny"]
[Black "Guille, Nicolas"]
[Result "1-0"]
[WhiteElo "1880"]
[BlackElo "1660"]
[PlyCount "57"]
[EventDate "2006.07.08"]

1. d4 d5 2. Nf3 Bf5 3. c4 Nc6 4. Nc3 e6 5. Bf4 Bd6 6. Bxd6 Qxd6 7. cxd5 exd5 8.
e3 a6 9. Qb3 Qb4 10. Qxb4 Nxb4 11. Kd2 Nf6 12. Ne5 Ne4+ 13. Nxe4 Bxe4 14. a3 f6
15. axb4 fxe5 16. dxe5 O-O-O 17. f3 Bg6 18. b5 axb5 19. Bxb5 c6 20. Bd3 Bxd3
21. Kxd3 Kc7 22. f4 Ra8 23. g4 h5 24. gxh5 Rxa1 25. Rxa1 Rxh5 26. Rg1 Rxh2 27.
Rxg7+ Kc8 28. e6 Rxb2 29. Rg8+ 1-0

[Event "5eme Open International de La Fere"]
[Site "La Fere (FRA)"]
[Date "2006.07.09"]
[Round "1.36"]
[White "Dernoncourt, Christophe"]
[Black "Lepot, Simon"]
[Result "0-1"]
[WhiteElo "1650"]
[BlackElo "1880"]
[PlyCount "54"]
[EventDate "2006.07.08"]

1. e4 c5 2. Nf3 d6 3. b3 Nf6 4. Nc3 Nc6 5. Bb2 g6 6. Nd5 e5 7. Nxf6+ Qxf6 8.
Bc4 Bg4 9. Qe2 Bh6 10. a3 Bxf3 11. gxf3 Bf4 12. Qd3 O-O 13. Qd5 Rab8 14. O-O-O
Nd4 15. Bxd4 exd4 16. h4 Rfe8 17. Be2 d3 18. e5 Rxe5 19. Qxd3 Rd5 20. c3 Rxd3
21. Bxd3 Qxc3+ 22. Bc2 Qa1+ 23. Bb1 Qxa3+ 24. Kc2 Be5 25. Rc1 Qb2+ 26. Kd1
Qxb3+ 27. Bc2 Qxf3+ 0-1

[Event "5eme Open International de La Fere"]
[Site "La Fere (FRA)"]
[Date "2006.07.08"]
[Round "1.33"]
[White "Casier, Fabrice"]
[Black "Gobeaut, Benjamin"]
[Result "1-0"]
[WhiteElo "1891"]
[BlackElo "1675"]
[PlyCount "83"]
[EventDate "2006.07.08"]

1. c4 e6 2. Nc3 d5 3. e3 Nf6 4. Nf3 Be7 5. Be2 O-O 6. O-O Nbd7 7. d4 Re8 8. c5
c6 9. b4 b5 10. a4 bxa4 11. Qxa4 Qc7 12. b5 Bb7 13. bxc6 Bxc6 14. Bb5 Rec8 15.
Bd2 Ne4 16. Rfb1 Nxd2 17. Nxd2 Bxc5 18. Bxc6 Qxc6 19. Qxc6 Rxc6 20. dxc5 Nxc5
21. Nb5 a6 22. Nd4 Rc7 23. N2b3 Nxb3 24. Rxb3 g6 25. f4 h5 26. Rba3 Rca7 27.
Nc6 Rb7 28. Rxa6 Rxa6 29. Rxa6 Kg7 30. Ra7 Rxa7 31. Nxa7 f6 32. Nc6 Kf7 33. Kf2
g5 34. Kf3 g4+ 35. Ke2 Kg6 36. Kd3 h4 37. Kd4 h3 38. g3 Kg7 39. Nd8 Kf8 40.
Nxe6+ Ke7 41. Kxd5 Kd7 42. f5 1-0

[Event "5eme Open International de La Fere"]
[Site "La Fere (FRA)"]
[Date "????.??.??"]
[Round "2.1"]
[White "Nevednichy, Vladislav"]
[Black "Riff, Jean-Noel"]
[Result "1/2-1/2"]
[WhiteElo "2576"]
[BlackElo "2444"]
[PlyCount "60"]
[EventDate "2006.07.08"]

1. e4 c5 2. Nf3 d6 3. d4 Nf6 4. Nc3 cxd4 5. Nxd4 e6 6. g4 h6 7. h3 Nc6 8. Bg2
a6 9. f4 d5 10. exd5 Nxd5 11. Nxd5 exd5 12. Nb3 h5 13. g5 Bf5 14. c3 Qe7+ 15.
Kf2 O-O-O 16. Be3 Qc7 17. Nd4 Be4 18. Nxc6 Qxc6 19. Qd4 Re8 20. Rhe1 Bxg2 21.
Kxg2 Re4 22. Qb6 Bd6 23. Qxc6+ bxc6 24. Bd2 f5 25. gxf6 gxf6 26. Rxe4 dxe4 27.
Be3 Rg8+ 28. Kf2 f5 29. Rg1 Rxg1 30. Kxg1 Bc7 1/2-1/2

[Event "5eme Open International de La Fere"]
[Site "La Fere (FRA)"]
[Date "????.??.??"]
[Round "2.3"]
[White "Clery, Nicolas"]
[Black "Bagaturov, Giorgi"]
[Result "1-0"]
[WhiteElo "2278"]
[BlackElo "2461"]
[PlyCount "61"]
[EventDate "2006.07.08"]

1. d4 Nf6 2. c4 e6 3. Nf3 b6 4. g3 Ba6 5. Nbd2 Bb7 6. Bg2 Be7 7. e4 Nxe4 8. Ne5
Bb4 9. Qe2 Nxd2 10. Bxb7 Nb3+ 11. Kf1 Nxa1 12. Bxa8 c6 13. d5 cxd5 14. cxd5 O-O
15. Bf4 Na6 16. Bb7 Nc5 17. dxe6 Nxe6 18. Kg2 g5 19. Nd3 Be7 20. Be5 d6 21. Bc3
d5 22. Rxa1 Qd7 23. Ba6 d4 24. Bb4 Re8 25. Bxe7 Rxe7 26. Qf3 Nc7 27. Bb7 g4 28.
Qc6 Qf5 29. Re1 Rxe1 30. Nxe1 d3 31. Nxd3 1-0

[Event "5eme Open International de La Fere"]
[Site "La Fere (FRA)"]
[Date "????.??.??"]
[Round "2.5"]
[White "Olarasu, Gabriela"]
[Black "Tirard, Hugo"]
[Result "0-1"]
[WhiteElo "2222"]
[BlackElo "2453"]
[PlyCount "80"]
[EventDate "2006.07.08"]

1. d4 Nf6 2. Nf3 c5 3. e3 g6 4. c4 Bg7 5. Nc3 O-O 6. Be2 cxd4 7. exd4 d5 8. O-O
Nc6 9. c5 Bg4 10. h3 Bxf3 11. Bxf3 e6 12. Bf4 Nd7 13. Be3 b6 14. cxb6 Nxb6 15.
Rc1 Rc8 16. b3 Qh4 17. Ne2 Qe7 18. Qd2 Qa3 19. Rfd1 Rfe8 20. Nc3 Qa5 21. a4 Qb4
22. Nb5 Bf8 23. Qa2 a6 24. Nc3 Na5 25. Bd2 Qxb3 26. Rb1 Qxa2 27. Nxa2 Nbc4 28.
Bxa5 Nxa5 29. Rb6 Rc6 30. Rdb1 Ra8 31. Be2 Rc2 32. R1b2 Rxb2 33. Rxb2 Nc6 34.
Rb6 Nxd4 35. Bf1 a5 36. Nc3 Rc8 37. Nd1 Rc1 38. Ne3 Bc5 39. Rb2 Ra1 40. Rb8+
Kg7 0-1

[Event "5eme Open International de La Fere"]
[Site "La Fere (FRA)"]
[Date "????.??.??"]
[Round "2.6"]
[White "Dumitrache, Dragos-Nicolae"]
[Black "Cappon, John"]
[Result "0-1"]
[WhiteElo "2451"]
[BlackElo "2231"]
[PlyCount "74"]
[EventDate "2006.07.08"]

1. d4 d5 2. c4 c6 3. Nf3 Nf6 4. Nc3 dxc4 5. a4 Bf5 6. e3 e6 7. Bxc4 Bb4 8. O-O
O-O 9. Qe2 Bg6 10. Ne5 Nbd7 11. Nxg6 hxg6 12. Rd1 Qa5 13. Bd2 Rfd8 14. Be1 Nb6
15. Bb3 e5 16. dxe5 Qxe5 17. g3 a5 18. h4 g5 19. hxg5 Qxg5 20. Kg2 Kf8 21. e4
Re8 22. Bd2 Qg6 23. e5 Ng4 24. f4 Rad8 25. Rh1 Bc5 26. Rh4 Rxd2 27. Qxd2 Ne3+
28. Kh2 Ke7 29. Qe1 Rd8 30. Nd1 Ng4+ 31. Kh1 Qd3 32. Rxg4 Qf3+ 33. Kh2 Qxg4 34.
Kg2 Rd3 35. Bc2 Qf3+ 36. Kh2 Rd8 37. Bf5 Nc4 0-1

[Event "5eme Open International de La Fere"]
[Site "La Fere (FRA)"]
[Date "????.??.??"]
[Round "2.7"]
[White "Raulet, Alain"]
[Black "Iglesias, Joachim"]
[Result "1/2-1/2"]
[WhiteElo "2040"]
[BlackElo "2127"]
[PlyCount "54"]
[EventDate "2006.07.08"]

1. c4 b6 2. Nf3 Bb7 3. g3 Bxf3 4. exf3 c5 5. d4 cxd4 6. Qxd4 Nc6 7. Qd1 e6 8.
Nc3 Bb4 9. Bd2 Nf6 10. a3 Bxc3 11. Bxc3 Rc8 12. Be2 d5 13. cxd5 Nxd5 14. Bxg7
Rg8 15. Bd4 Rg5 16. Be3 Re5 17. Qb3 b5 18. O-O Nxe3 19. fxe3 Qb6 20. Kf2 Na5
21. Qd3 Rd8 22. Qc3 Rc5 23. Qh8+ Ke7 24. Qxh7 Rd2 25. Qh4+ Ke8 26. Qh8+ Ke7 27.
Qh4+ Ke8 1/2-1/2

[Event "5eme Open International de La Fere"]
[Site "La Fere (FRA)"]
[Date "????.??.??"]
[Round "2.9"]
[White "Grigorov, Grigor"]
[Black "Zimmerman, Yuri"]
[Result "1-0"]
[WhiteElo "2425"]
[BlackElo "2374"]
[PlyCount "85"]
[EventDate "2006.07.08"]

1. d4 Nf6 2. c4 g6 3. Nc3 Bg7 4. e4 d6 5. Be2 O-O 6. Bg5 Na6 7. Qd2 e5 8. d5 c6
9. f3 cxd5 10. cxd5 Bd7 11. g4 Nc5 12. h4 a5 13. Nh3 a4 14. Nf2 Rb8 15. h5 b5
16. Kf1 Qe7 17. Kg2 b4 18. Ncd1 Rfc8 19. Rh2 Bb5 20. Bxb5 Rxb5 21. Bh6 Ncd7 22.
Bxg7 Kxg7 23. Ne3 Kg8 24. Nfd1 Nc5 25. Nf2 Ncd7 26. Rc1 Rxc1 27. Qxc1 b3 28. a3
Nf8 29. Nd3 Qa7 30. Nf5 Ne8 31. Qc6 Qd7 32. Ne7+ Kg7 33. h6+ Kh8 34. Rh1 Qxc6
35. dxc6 Ne6 36. Rc1 N8c7 37. Rc4 Rb8 38. Rxa4 Re8 39. Nd5 Nb5 40. Rb4 Nbd4 41.
c7 Nc6 42. Rxb3 Rc8 43. Rb6 1-0

[Event "5eme Open International de La Fere"]
[Site "La Fere (FRA)"]
[Date "????.??.??"]
[Round "2.10"]
[White "Flandre, Xavier"]
[Black "Bardoux, Thierry"]
[Result "1/2-1/2"]
[WhiteElo "1916"]
[BlackElo "2175"]
[PlyCount "78"]
[EventDate "2006.07.08"]

1. e4 c5 2. Nf3 d6 3. d4 cxd4 4. Nxd4 Nf6 5. Nc3 a6 6. Be2 e6 7. O-O Be7 8. Be3
O-O 9. f4 Nc6 10. Bf3 Qc7 11. Kh1 Rd8 12. Qe2 Nxd4 13. Bxd4 e5 14. Be3 Be6 15.
Qf2 Qc6 16. Rad1 b5 17. Nd5 Bxd5 18. exd5 Qe8 19. fxe5 Nd7 20. e6 Ne5 21. Bh5
g6 22. exf7+ Qxf7 23. Qxf7+ Nxf7 24. Bg4 Ne5 25. Be6+ Kg7 26. Bd4 Rf8 27. Kg1
Rxf1+ 28. Rxf1 Bf6 29. Bxe5 Bxe5 30. Rf7+ Kh8 31. b3 Bg7 32. Kf2 b4 33. Ke2 a5
34. Rc7 Bd4 35. Rc8+ Rxc8 36. Bxc8 Kg7 37. Kd3 Bb6 38. Kc4 Kf6 39. Kb5 Bd8
1/2-1/2

[Event "5eme Open International de La Fere"]
[Site "La Fere (FRA)"]
[Date "????.??.??"]
[Round "2.11"]
[White "Platel, Alexandre"]
[Black "Menneveux, Jerome"]
[Result "1/2-1/2"]
[WhiteElo "2167"]
[BlackElo "1918"]
[PlyCount "81"]
[EventDate "2006.07.08"]

1. e4 e5 2. Nf3 Nf6 3. Nc3 Nc6 4. Bb5 Bc5 5. O-O O-O 6. d3 d6 7. Bg5 Be6 8. Nd5
Kh8 9. c3 Bxd5 10. exd5 Ne7 11. d4 Bb6 12. dxe5 dxe5 13. Nxe5 Nfxd5 14. Bxe7
Nxe7 15. Nd7 Rg8 16. Nxb6 axb6 17. Bc4 Rf8 18. Qf3 Nc8 19. Qxb7 Nd6 20. Qc6 Ra5
21. Bb3 Re8 22. Rae1 Rae5 23. Rxe5 Rxe5 24. Bd5 g6 25. Bf3 Rc5 26. Qa4 Ra5 27.
Qd4+ Kg8 28. a4 Qe8 29. b3 Qe6 30. c4 Re5 31. Bd5 Qe7 32. g3 Re2 33. Bf3 Nf5
34. Qc3 Re5 35. Rd1 h5 36. Rd5 Re1+ 37. Kg2 Re6 38. Qd2 h4 39. Rd7 Qc5 40. Bd5
Rf6 41. b4 1/2-1/2

[Event "5eme Open International de La Fere"]
[Site "La Fere (FRA)"]
[Date "????.??.??"]
[Round "2.12"]
[White "Thomas, Olivier"]
[Black "Mestdagh, Franck"]
[Result "1/2-1/2"]
[WhiteElo "2126"]
[BlackElo "1901"]
[PlyCount "139"]
[EventDate "2006.07.08"]

1. e4 c5 2. Nc3 e6 3. f4 d5 4. Nf3 Nf6 5. Bb5+ Nc6 6. e5 d4 7. Bxc6+ bxc6 8.
exf6 dxc3 9. fxg7 cxd2+ 10. Qxd2 Qxd2+ 11. Bxd2 Bxg7 12. O-O-O O-O 13. Rhe1 a5
14. Ne5 a4 15. a3 Re8 16. Bc3 Ba6 17. Rd7 f6 18. Ng4 e5 19. fxe5 Bc8 20. Rxg7+
Kxg7 21. Nxf6 Re7 22. Re3 Bf5 23. Rg3+ Kf7 24. Rf3 Kg6 25. g4 Be6 26. h4 Rd8
27. Rf4 c4 28. h5+ Kg7 29. g5 Rb7 30. Ne4 Rf7 31. Nc5 Re7 32. Nxe6+ Rxe6 33.
Rxc4 Rf8 34. Rxa4 Rf5 35. Ra7+ Kg8 36. g6 hxg6 37. hxg6 Rxg6 38. Rd7 Rf2 39. b4
Rg3 40. Rd3 Rg1+ 41. Rd1 Rgg2 42. Rd2 Rxd2 43. Bxd2 Re2 44. Bc3 Kf7 45. Kb2 Ke6
46. Kb3 Kd5 47. a4 c5 48. bxc5 Kxc5 49. Bb4+ Kd5 50. Bd6 Re3+ 51. c3 Re1 52.
c4+ Kd4 53. c5 Rb1+ 54. Kc2 Ra1 55. e6 Rxa4 56. e7 Ra8 57. Kb3 Kd5 58. Kc3 Rh8
59. Kd3 Re8 60. Kc3 Rg8 61. Kd3 Re8 62. Ke3 Ra8 63. Kf4 Ke6 64. Ke4 Ra4+ 65.
Kd3 Kd7 66. c6+ Ke8 67. Kc3 Ra6 68. c7 Rc6+ 69. Kb4 Rxc7 70. Bxc7 1/2-1/2

[Event "5eme Open International de La Fere"]
[Site "La Fere (FRA)"]
[Date "????.??.??"]
[Round "2.13"]
[White "Marchal, Chantal"]
[Black "Houriez, Clement"]
[Result "0-1"]
[WhiteElo "1900"]
[BlackElo "2125"]
[PlyCount "58"]
[EventDate "2006.07.08"]

1. e4 c5 2. Nf3 d6 3. d4 Nf6 4. Nc3 cxd4 5. Nxd4 g6 6. Be3 Bg7 7. Bc4 O-O 8. f3
Nc6 9. Qd2 Bd7 10. O-O-O Qa5 11. Nce2 Qc7 12. Bb3 Rfc8 13. Nxc6 bxc6 14. Kb1 c5
15. c4 a5 16. Nc3 Rcb8 17. Bh6 Bh8 18. Ba4 Bxa4 19. Nxa4 Rb4 20. b3 Qb8 21. Kc1
Nd7 22. Qc2 Ne5 23. Nc3 Nc6 24. Kd2 Nd4 25. Nd5 Rb7 26. Qd3 a4 27. Rb1 e6 28.
Nc3 axb3 29. axb3 Ra3 0-1

[Event "5eme Open International de La Fere"]
[Site "La Fere (FRA)"]
[Date "????.??.??"]
[Round "2.14"]
[White "Ly, Anh-Dao"]
[Black "Casier, Fabrice"]
[Result "1-0"]
[WhiteElo "2116"]
[BlackElo "1891"]
[PlyCount "69"]
[EventDate "2006.07.08"]

1. e4 d5 2. exd5 Qxd5 3. Nc3 Qa5 4. d4 c6 5. Nf3 Nf6 6. Bd3 Bg4 7. h3 Bf5 8.
O-O e6 9. Re1 Nbd7 10. Bg5 Be7 11. Ne5 Bxd3 12. Qxd3 Qd8 13. Rad1 Nd5 14. Bxe7
Qxe7 15. Nxd5 Nxe5 16. dxe5 exd5 17. c4 Rd8 18. Qe3 dxc4 19. Rxd8+ Kxd8 20.
Qxa7 Kc7 21. Qd4 Qe6 22. Rd1 Re8 23. f4 Ra8 24. a3 Qd5 25. Qxd5 cxd5 26. Rxd5
Kc6 27. Rd6+ Kc7 28. Rd4 b5 29. Kf2 c3 30. bxc3 Rxa3 31. Rb4 Rxc3 32. Rxb5 h5
33. Rd5 g6 34. Rd6 h4 35. Rf6 1-0

[Event "5eme Open International de La Fere"]
[Site "La Fere (FRA)"]
[Date "????.??.??"]
[Round "2.15"]
[White "Lepot, Simon"]
[Black "Marchal, Jeremy"]
[Result "0-1"]
[WhiteElo "1880"]
[BlackElo "2096"]
[PlyCount "76"]
[EventDate "2006.07.08"]

1. e4 c5 2. Nf3 e6 3. d4 a6 4. Nc3 cxd4 5. Nxd4 Qc7 6. Bd3 Nc6 7. Nb3 Nf6 8.
O-O b5 9. a3 Bb7 10. Kh1 Rd8 11. f4 d6 12. Be3 Be7 13. Qf3 g6 14. Qh3 h5 15. f5
Ng4 16. fxe6 fxe6 17. Bd4 Nce5 18. a4 b4 19. Ne2 Nxd3 20. cxd3 e5 21. Rac1 Qd7
22. Bb6 Rc8 23. Rxc8+ Bxc8 24. d4 Qc6 25. Qg3 Qxb6 26. h3 h4 27. Qd3 Nf6 28.
Qc4 Bd7 29. a5 Qb5 30. Qc2 O-O 31. g3 Bxh3 32. Rg1 Bg4 33. dxe5 dxe5 34. Nbd4
exd4 35. Nxd4 Qe5 36. Nc6 Bf3+ 37. Kh2 hxg3+ 38. Rxg3 Ng4+ 0-1

[Event "5eme Open International de La Fere"]
[Site "La Fere (FRA)"]
[Date "2006.07.09"]
[Round "2.18"]
[White "Trens, Yohan"]
[Black "Le Kouaghet, Euwen"]
[Result "0-1"]
[WhiteElo "2021"]
[BlackElo "1867"]
[PlyCount "123"]
[EventDate "2006.07.08"]

1. e4 c6 2. d4 d5 3. Nd2 dxe4 4. Nxe4 Bf5 5. Ng3 Bg6 6. h4 h6 7. Nf3 Nd7 8. h5
Bh7 9. Bd3 Bxd3 10. Qxd3 Ngf6 11. Bd2 Qc7 12. O-O-O e6 13. Qe2 Bd6 14. Nf5
O-O-O 15. Nxd6+ Qxd6 16. Ne5 Qe7 17. Ba5 Nb6 18. c4 Rde8 19. Rh3 Nfd7 20. c5
Nxe5 21. cxb6 axb6 22. dxe5 bxa5 23. Rg3 Rhg8 24. Qe3 Kc7 25. Qc3 Qb4 26. Qxb4
axb4 27. Rd4 c5 28. Rdg4 g6 29. hxg6 fxg6 30. Rxg6 Rgf8 31. Rf6 Rxf6 32. exf6
Rf8 33. Rg6 h5 34. f3 Kd6 35. g4 h4 36. Rh6 Ke5 37. g5 Kf5 38. f4 h3 39. Rh4 h2
40. Rxh2 Kxf4 41. Rg2 Kf5 42. Kd2 Kg6 43. Kd3 b5 44. Ke4 Re8 45. Kf4 e5+ 46.
Kg4 Rd8 47. Kf3 Rd4 48. Ke3 c4 49. Rf2 Rd8 50. Ke4 Re8 51. Rg2 c3 52. bxc3 bxc3
53. Kd3 b4 54. Kc4 Rc8+ 55. Kb3 e4 56. Kc2 e3 57. Kd3 Re8 58. Re2 Kxg5 59. Kc4
Kxf6 60. Kxb4 c2 61. Re1 Rd8 62. Re2 0-1

[Event "5eme Open International de La Fere"]
[Site "La Fere (FRA)"]
[Date "2006.07.09"]
[Round "2.20"]
[White "Maupin, Valerie"]
[Black "Wallart, Francois"]
[Result "1-0"]
[WhiteElo "2007"]
[BlackElo "1848"]
[PlyCount "75"]
[EventDate "2006.07.08"]

1. d4 d5 2. Nf3 Nf6 3. e3 e6 4. Bd3 c5 5. c3 Nc6 6. Nbd2 Bd7 7. O-O cxd4 8.
exd4 Be7 9. Ne5 Qc7 10. f4 h5 11. Qf3 g6 12. Qe2 Ng4 13. Ndf3 Nh6 14. h3 Nf5
15. Qf2 Rh7 16. g4 hxg4 17. hxg4 Nd6 18. Nxg6 Ne4 19. Bxe4 dxe4 20. Nxe7 Nxe7
21. Ng5 Rg7 22. Qe2 Bc6 23. Be3 O-O-O 24. Kf2 Nd5 25. Ke1 a6 26. a4 Qa5 27. Kd2
Qb6 28. b4 Kb8 29. Rfb1 Qc7 30. Qc4 Nxf4 31. b5 Nd3 32. bxc6 Qh2+ 33. Kd1 Qh1+
34. Kc2 Qg2+ 35. Kb3 Rc8 36. Ka3 f6 37. Qxa6 fxg5 38. Rxb7+ 1-0

[Event "5eme Open International de La Fere"]
[Site "La Fere (FRA)"]
[Date "2006.07.09"]
[Round "2.26"]
[White "Soriano, Jean-Claude"]
[Black "Bessat, Remy"]
[Result "0-1"]
[WhiteElo "1620"]
[BlackElo "1974"]
[PlyCount "90"]
[EventDate "2006.07.08"]

1. d4 Nf6 2. c4 c5 3. d5 b5 4. e3 Bb7 5. Nf3 d6 6. b3 g6 7. Bb2 Bg7 8. Be2 O-O
9. Nbd2 Nbd7 10. O-O Nb6 11. Qc2 Re8 12. e4 bxc4 13. Nxc4 Qc7 14. Rfd1 Rad8 15.
Ne3 e6 16. Bc4 exd5 17. exd5 Re7 18. a4 Nbd7 19. Bc3 Bh6 20. Qb2 Bg7 21. Rab1
Ne8 22. Bxg7 Nxg7 23. Ng4 h5 24. Nf6+ Nxf6 25. Qxf6 Bc8 26. Re1 Rde8 27. Rxe7
Qxe7 28. Qxe7 Rxe7 29. Re1 Nf5 30. Bb5 Rxe1+ 31. Nxe1 Nd4 32. Bc4 Bf5 33. Nf3
Nxf3+ 34. gxf3 a5 35. Kf1 Kg7 36. Ke2 g5 37. Bd3 Bh3 38. Be4 Kf6 39. Ke3 Ke5
40. Kd3 f5 41. Kc4 Bf1+ 42. Bd3 Bxd3+ 43. Kxd3 Kxd5 44. Ke3 Ke5 45. Kd3 d5 0-1

[Event "5eme Open International de La Fere"]
[Site "La Fere (FRA)"]
[Date "2006.07.09"]
[Round "2.32"]
[White "Lonnoy, Simon"]
[Black "Godart, Michel"]
[Result "1/2-1/2"]
[WhiteElo "1640"]
[BlackElo "1857"]
[PlyCount "39"]
[EventDate "2006.07.08"]

1. e4 c6 2. d4 d5 3. exd5 cxd5 4. Nf3 Nf6 5. c4 Be6 6. cxd5 Bxd5 7. Nc3 e6 8.
Bf4 a6 9. Be2 Nc6 10. O-O Bd6 11. Nxd5 Nxd5 12. Bxd6 Qxd6 13. Re1 Rd8 14. Qb3
b5 15. Rad1 O-O 16. a3 Nde7 17. Bd3 Qd5 18. Qc3 Rc8 19. Qd2 g6 20. Be4 1/2-1/2

[Event "5eme Open International de La Fere"]
[Site "La Fere (FRA)"]
[Date "2006.07.09"]
[Round "2.35"]
[White "Lapersonne, Patrick"]
[Black "Molet, Asher"]
[Result "0-1"]
[WhiteElo "1600"]
[BlackElo "1990"]
[PlyCount "32"]
[EventDate "2006.07.08"]

1. c4 e6 2. Nc3 d5 3. d4 Be7 4. Nf3 Nf6 5. Bf4 O-O 6. h3 c5 7. Nb5 Na6 8. e3
Bd7 9. Bd6 Bxd6 10. Nxd6 Qb6 11. Nb5 dxc4 12. a4 Bxb5 13. axb5 Qxb5 14. Qc2
Qb4+ 15. Qc3 Ne4 16. Qxb4 Nxb4 0-1

[Event "5eme Open International de La Fere"]
[Site "La Fere (FRA)"]
[Date "2006.07.09"]
[Round "2.36"]
[White "Boudier, Eric"]
[Black "Bourson, Joel"]
[Result "1-0"]
[WhiteElo "1927"]
[BlackElo "1600"]
[PlyCount "39"]
[EventDate "2006.07.08"]

1. e4 c6 2. Nf3 d5 3. e5 e6 4. Nc3 Nd7 5. d4 c5 6. dxc5 Bxc5 7. Bd3 Be7 8. O-O
a6 9. Bf4 Nc5 10. Be2 Bd7 11. Nd4 Na4 12. Nxa4 Bxa4 13. Bd3 Bd7 14. c4 Bc5 15.
Nb3 Ba4 16. Qg4 Bf8 17. Bg5 Qc7 18. cxd5 Bxb3 19. axb3 exd5 20. Bb5+ 1-0

[Event "5eme Open International de La Fere"]
[Site "La Fere (FRA)"]
[Date "2006.07.09"]
[Round "2.42"]
[White "Gobeaut, Claudine"]
[Black "Dagnicourt, Francis"]
[Result "0-1"]
[WhiteElo "1537"]
[BlackElo "1810"]
[PlyCount "34"]
[EventDate "2006.07.08"]

1. d4 d6 2. Nf3 g6 3. e4 Nf6 4. Nc3 Bg7 5. Bg5 c5 6. d5 Bg4 7. Be2 Nbd7 8. O-O
O-O 9. Nd2 Bxe2 10. Qxe2 a6 11. a4 Qc7 12. f4 e6 13. Qd3 exd5 14. exd5 Rfe8 15.
Rab1 Ng4 16. Rfe1 Bd4+ 17. Kf1 Nxh2# 0-1

[Event "5eme Open International de La Fere"]
[Site "La Fere (FRA)"]
[Date "2006.07.09"]
[Round "2.44"]
[White "Bedu, Jean-Pierre"]
[Black "Brobecker, Alain"]
[Result "0-1"]
[WhiteElo "1520"]
[BlackElo "1763"]
[PlyCount "50"]
[EventDate "2006.07.08"]

1. d4 g6 2. c4 Nf6 3. Bg5 Bg7 4. Nc3 d6 5. e4 O-O 6. Nge2 Nbd7 7. f3 c6 8. g4
Qa5 9. Qd2 e5 10. d5 cxd5 11. cxd5 Nc5 12. h4 Nb3 13. axb3 Qxa1+ 14. Kf2 Nxg4+
15. fxg4 f6 16. Bh6 Bxh6 17. Qxh6 Qxb2 18. Bh3 Qxb3 19. Rb1 Qc2 20. Qe3 a5 21.
Rb6 a4 22. Rxd6 a3 23. Qb6 Ra6 24. Qc7 Rxd6 25. Qxd6 Qd3 0-1

[Event "5eme Open International de La Fere"]
[Site "La Fere (FRA)"]
[Date "2006.07.09"]
[Round "2.48"]
[White "Marchal, Roger"]
[Black "Huyet, Yannick"]
[Result "1-0"]
[WhiteElo "1686"]
[BlackElo "1499"]
[PlyCount "39"]
[EventDate "2006.07.08"]

1. c4 e6 2. g3 Nf6 3. Bg2 d5 4. cxd5 exd5 5. d4 c5 6. e3 cxd4 7. Qa4+ Nc6 8.
exd4 Bb4+ 9. Bd2 Bxd2+ 10. Nxd2 O-O 11. O-O-O Re8 12. Ngf3 Bf5 13. Rhe1 Qc7 14.
Rxe8+ Rxe8 15. b3 Nb4+ 16. Nc4 Nd3+ 17. Rxd3 Bxd3 18. Nfe5 Bf5 19. Bxd5 Nxd5
20. Qxe8# 1-0

[Event "5eme Open International de La Fere"]
[Site "La Fere (FRA)"]
[Date "2006.07.09"]
[Round "2.16"]
[White "Waquet, Frederic"]
[Black "Hutin, Evgueny"]
[Result "1/2-1/2"]
[WhiteElo "2080"]
[BlackElo "1880"]
[PlyCount "84"]
[EventDate "2006.07.08"]

1. e4 c5 2. Nf3 e6 3. d3 Qc7 4. g3 Nc6 5. Bg2 Nf6 6. O-O d5 7. Nbd2 Be7 8. Re1
O-O 9. e5 Ng4 10. Qe2 f6 11. exf6 Bxf6 12. Nb3 b6 13. h3 Nge5 14. Bf4 Nxf3+ 15.
Bxf3 Be5 16. Bxe5 Qxe5 17. Qxe5 Nxe5 18. Bxd5 exd5 19. Rxe5 Bxh3 20. Rxd5 Rae8
21. Nd2 Re2 22. Ne4 Rxc2 23. b3 Bf5 24. f4 Re2 25. Re5 Bg4 26. Nf2 Rxe5 27.
fxe5 Bf5 28. Re1 Kf7 29. g4 Bg6 30. Kg2 Rd8 31. Re3 Ke6 32. Nh3 Ke7 33. Nf4 Bf7
34. g5 a5 35. Rh3 Bg6 36. Nxg6+ hxg6 37. Rh7 Kf7 38. Rh3 Rd5 39. Rf3+ Ke7 40.
Re3 Ke6 41. Kf2 Rxe5 42. Rg3 Kf5 1/2-1/2

[Event "5eme Open International de La Fere"]
[Site "La Fere (FRA)"]
[Date "2006.07.09"]
[Round "2.17"]
[White "Feryn, Alexandre"]
[Black "Bosch, Joachim"]
[Result "0-1"]
[WhiteElo "1877"]
[BlackElo "2035"]
[PlyCount "74"]
[EventDate "2006.07.08"]

1. e4 c5 2. Nf3 e6 3. d4 cxd4 4. Nxd4 a6 5. Nc3 Qc7 6. Bd3 b5 7. a3 Bb7 8. O-O
Nf6 9. Bg5 Be7 10. Qe2 d6 11. Rad1 O-O 12. f4 Qc5 13. Qf2 Ng4 14. Nxe6 Qxf2+
15. Rxf2 Nxf2 16. Kxf2 Bxg5 17. Nxg5 Nd7 18. Nf3 Rfe8 19. Nd4 g6 20. Nb3 Nc5
21. Nxc5 dxc5 22. Nd5 Bxd5 23. exd5 c4 24. Be2 Rad8 25. Bf3 Rd6 26. g3 Kf8 27.
c3 Ke7 28. Ke3 Kd7+ 29. Kd4 Kc7 30. Rd2 Kb6 31. Rd1 Rd7 32. a4 Rde7 33. a5+
Kxa5 34. Kc5 Rc7+ 35. Kd6 Kb6 36. Ra1 Ree7 37. Bg4 f5 0-1

[Event "5eme Open International de La Fere"]
[Site "La Fere (FRA)"]
[Date "2006.07.10"]
[Round "3.1"]
[White "Tirard, Hugo"]
[Black "Clery, Nicolas"]
[Result "1-0"]
[WhiteElo "2453"]
[BlackElo "2278"]
[PlyCount "67"]
[EventDate "2006.07.08"]

1. e4 e6 2. d4 d5 3. Nc3 Bb4 4. e5 Ne7 5. a3 Bxc3+ 6. bxc3 c5 7. Qg4 Qc7 8.
Qxg7 Rg8 9. Qxh7 cxd4 10. Ne2 Nbc6 11. f4 Bd7 12. Qd3 dxc3 13. Rb1 Nf5 14. h3
Rh8 15. g4 Nh4 16. Be3 Na5 17. Kf2 b6 18. Nxc3 Rc8 19. Nb5 Qxc2+ 20. Kg3 Qxd3
21. Bxd3 Ke7 22. Rhc1 Nc6 23. Nd6 Rcg8 24. Bb5 Nb8 25. Rc7 Nf5+ 26. Nxf5+ exf5
27. Rxa7 fxg4 28. hxg4 Rc8 29. Bd4 Rh5 30. Bxd7 Nxd7 31. Rxb6 Rc4 32. Rd6 Rxd4
33. Rdxd7+ Kf8 34. Rxf7+ 1-0

[Event "5eme Open International de La Fere"]
[Site "La Fere (FRA)"]
[Date "2006.07.10"]
[Round "3.2"]
[White "Cappon, John"]
[Black "Afek, Yochanan"]
[Result "0-1"]
[WhiteElo "2231"]
[BlackElo "2316"]
[PlyCount "68"]
[EventDate "2006.07.08"]

1. e4 c5 2. Nf3 g6 3. Nc3 Bg7 4. d4 cxd4 5. Nxd4 Nc6 6. Be3 Nf6 7. Bc4 O-O 8.
Bb3 d6 9. f3 Bd7 10. Nxc6 bxc6 11. O-O a5 12. a4 Bc8 13. Qd2 Ba6 14. Rfd1 Nd7
15. Rab1 Rb8 16. h3 Qc7 17. Bg5 Nc5 18. Ba2 Rb4 19. b3 Rd8 20. Be3 Ne6 21. Ne2
d5 22. Qe1 Bxe2 23. Qxe2 dxe4 24. Rxd8+ Qxd8 25. Rd1 Qc7 26. Bd2 exf3 27. Qxf3
Rd4 28. Rf1 Bf6 29. Be3 Rd5 30. b4 Rf5 31. Qg4 Rxf1+ 32. Kxf1 Qe5 33. Bxe6 Qxe3
34. Bb3 Bc3 0-1

[Event "5eme Open International de La Fere"]
[Site "La Fere (FRA)"]
[Date "2006.07.10"]
[Round "3.3"]
[White "Cozette, Michael"]
[Black "Nevednichy, Vladislav"]
[Result "0-1"]
[WhiteElo "1997"]
[BlackElo "2576"]
[PlyCount "64"]
[EventDate "2006.07.08"]

1. e4 c5 2. c3 d6 3. d4 Nf6 4. Bd3 Qc7 5. Nf3 g6 6. O-O Bg7 7. Re1 Nfd7 8. Na3
Nc6 9. Be3 O-O 10. Qd2 a6 11. Bh6 b5 12. Bxg7 Kxg7 13. Nc2 e5 14. Bf1 Nf6 15.
g3 Bb7 16. Bg2 h6 17. Nh4 cxd4 18. cxd4 Qb6 19. d5 Ne7 20. Ne3 Rac8 21. Rac1
Rfe8 22. Kh1 Qd4 23. Qxd4 exd4 24. Nf1 g5 25. Rxc8 Rxc8 26. Nf3 d3 27. N3d2 Rc2
28. Re3 Ng4 29. Rf3 Rxb2 30. h3 Ne5 31. Re3 N7g6 32. h4 Ng4 0-1